书目信息 |
| 题名: |
现代房地产企业知识管理与实践
|
|
| 作者: | 沈良峰 著 | |
| 分册: | ||
| 出版信息: | 北京 中国建筑工业出版社 2009.12 |
|
| 页数: | 293页 | |
| 开本: | 20cm | |
| 丛书名: | 工程管理博士论丛 | |
| 单 册: | ||
| 中图分类: | F293.3 | |
| 科图分类: | ||
| 主题词: | 知识经济--zhi shi jing ji--应用--房地产业--企业管理 | |
| 电子资源: | ||
| ISBN: | 978-7-112-11474-0 | |
| 000 | 01087nam 2200253 450 | |
| 001 | 012001000495 | |
| 005 | 20100601153221.09 | |
| 010 | @a978-7-112-11474-0@dCNY22.00 | |
| 100 | @a20100515d2009 km y0chiy0121 eb | |
| 101 | 0 | @achi |
| 102 | @aCN@b110000 | |
| 105 | @aa a 000yy | |
| 200 | 1 | @a现代房地产企业知识管理与实践@Axian dai fang di chan qi ye zhi shi guan li yu shi jian@f沈良峰著 |
| 210 | @a北京@c中国建筑工业出版社@d2009.12 | |
| 215 | @a293页@c图@d20cm | |
| 225 | 2 | @a工程管理博士论丛@Agong cheng guan li bo shi lun cong |
| 320 | @a有书目 | |
| 330 | @a本书是国内第一本介绍知识管理在房地产企业应用的专著。全书以房地产企业开展知识管理为研究对象,围绕开展知识管理活动的战略规划体系、支撑技术与实施这一较为清晰的逻辑思路展开,全书分为四部分:房地产企业知识管理导论;讨论知识管理规划体系的主要内容;房地产企业知识管理支撑技术与方案实施;实践部分。 | |
| 410 | 0 | @12001 @a工程管理博士论丛 |
| 606 | 0 | @a知识经济@Azhi shi jing ji@x应用@x房地产业@x企业管理 |
| 690 | @aF293.3@v4 | |
| 701 | 0 | @a沈良峰@Ashen liang feng@4著 |
| 801 | 0 | @aCN@c20100515 |
| 905 | @dF293.3@eS400@f5 | |
| 现代房地产企业知识管理与实践/沈良峰著.-北京:中国建筑工业出版社,2009.12 |
| 293页:图;20cm.-(工程管理博士论丛) |
| ISBN 978-7-112-11474-0:CNY22.00 |
| 本书是国内第一本介绍知识管理在房地产企业应用的专著。全书以房地产企业开展知识管理为研究对象,围绕开展知识管理活动的战略规划体系、支撑技术与实施这一较为清晰的逻辑思路展开,全书分为四部分:房地产企业知识管理导论;讨论知识管理规划体系的主要内容;房地产企业知识管理支撑技术与方案实施;实践部分。 |
| ● |
| 相关链接 |
|
|
|
正题名:现代房地产企业知识管理与实践
索取号:F293.3/S400
 
预约/预借
| 序号 | 登录号 | 条形码 | 馆藏地/架位号 | 状态 | 备注 |